Organizational Theory and Development/ (Record no. 208538)

MARC details
000 -LEADER
fixed length control field 00654nam a22001937a 4500
005 - DATE AND TIME OF LATEST TRANSACTION
control field 20250115154827.0
010 ## - LCCN (DPL NO)
LC control number ENG-143431
020 ## - INTERNATIONAL STANDARD BOOK NUMBER
International Standard Book Number 9789391373092
Terms of availability 190.00
035 ## - SYSTEM CONTROL NUMBER
System control number EN-126963
037 ## - SOURCE OF ACQUISITION
Source of stock number/acquisition DBAD
082 ## - DEWEY DECIMAL CLASSIFICATION NUMBER
Classification number 658.1
100 ## - MAIN ENTRY--PERSONAL NAME
Personal name Somasundari Dr. K. Meenatchi
245 ## - TITLE STATEMENT
Title Organizational Theory and Development/
Statement of responsibility, etc By Dr. K. Somasundari Meenatchi
260 ## - PUBLICATION, DISTRIBUTION, ETC. (IMPRINT)
Place of publication, distribution, etc Vasantha Nagar, Madurai, Tamil Nadu
Name of publisher, distributor, etc Shanalax Publications
270 ## - ADDRESS
Address 61, 66 T.P.K. Main Road, Vasantha Nagar, Madurai, Tamil Nadu
City Madurai, Tamil Nadu
Postal code 625003
300 ## - PHYSICAL DESCRIPTION
Extent 179p.
Dimensions 22cm(pb)
700 ## - ADDED ENTRY--PERSONAL NAME
9 (RLIN) 76628
942 ## - ADDED ENTRY ELEMENTS (KOHA)
Source of classification or shelving scheme Dewey Decimal Classification
Item type English Books
Call number suffix Som
Classification part 658.1
Holdings
Withdrawn status Lost status Not for loan Collection code Home library Current library Date acquired Source of acquisition Cost, normal purchase price Full call number Barcode Copy number Cost, replacement price Koha item type
      Non-fiction Central Library Central Library 15/01/2025 DABD 190.00 SOM 658.1 EN-126963 1 190.00 English Books

© Delhi Public Library
Hit Counter
free hit counter